banner koha

Crescimento e qualidade de mudas de vinhático (Platymenia foliolosa Benth.)em resposta à adubação com potássio e enxofre (Registro n. 246354)

MARC details
000 -LÍDER
campo de controle de tamanho fixo 00989nas a2200325 4500
001 - NÚMERO DE CONTROLE
campo de controle BR2015005993
003 - IDENTIFICADOR DO NÚMERO DE CONTROLE
campo de controle BR-BrBNA
005 - DATA E HORÁRIO DA ÚLTIMA TRANSAÇÃO
campo de controle 20231205125825.0
007 - CAMPO FIXO DE DESCRIÇÃO FÍSICA--INFORMAÇÃO GERAL
campo de controle de tamanho fixo ta
008 - CAMPO DE DADOS FIXOS--INFORMAÇÃO GERAL
campo de controle de tamanho fixo 230509b bl.|||p| |||| 00| 00por d
040 ## - FONTE DA CATALOGAÇÃO
Instituição da catalogação original BR-BrBNA
Idioma da catalogação por
Instituição que transcreveu o registro Biblioteca Nacional de Agricultura
041 ## - CÓDIGO DE IDIOMA
Código do idioma do texto/trilha sonora ou título diferente (Pt)
072 ## - CÓDIGO DE CATEGORIA DE ASSUNTO
Código de Categoria de Assunto F04; K10
100 1# - ENTRADA PRINCIPAL--NOME PESSOAL
Nome pessoal Duarte, M.L.
100 1# - ENTRADA PRINCIPAL--NOME PESSOAL
Nome pessoal Paiva, H.N. de
100 1# - ENTRADA PRINCIPAL--NOME PESSOAL
Nome pessoal Alves, M.O.A.
100 1# - ENTRADA PRINCIPAL--NOME PESSOAL
Nome pessoal Freitas, A.F. de
100 1# - ENTRADA PRINCIPAL--NOME PESSOAL
Nome pessoal Maia, F.F.
100 1# - ENTRADA PRINCIPAL--NOME PESSOAL
Nome pessoal Goulart, L.M.L.
245 1# - TÍTULO
Título Crescimento e qualidade de mudas de vinhático (Platymenia foliolosa Benth.)em resposta à adubação com potássio e enxofre
650 ## - ASSUNTO--TERMO TÓPICO
Cabeçalho tópico ou nome geográfico ESSÊNCIA FLORESTAL
650 ## - ASSUNTO--TERMO TÓPICO
Cabeçalho tópico ou nome geográfico MUDA
650 ## - ASSUNTO--TERMO TÓPICO
Cabeçalho tópico ou nome geográfico QUALIDADE
650 ## - ASSUNTO--TERMO TÓPICO
Cabeçalho tópico ou nome geográfico POTÁSSIO
650 ## - ASSUNTO--TERMO TÓPICO
Cabeçalho tópico ou nome geográfico ENXOFRE
650 ## - ASSUNTO--TERMO TÓPICO
Cabeçalho tópico ou nome geográfico NUTRIÇÃO VEGETAL
773 0# - ENTRADA ANALÍTICA
Título Ciência Florestal (Brazil)
ISSN - International Standard Serial Number ISSN 0103-9954
Partes relacionadas (Jan-Mar 2015), v. 25(1) p. 221-229
Número de controle do registro BR2015005993
909 ## -
-- 202311
-- Lúcia
-- 55
-- Lúcia Elande
942 ## - ELEMENTOS DE ENTRADA ADICIONADOS (KOHA)
Fonte da classificação ou esquema de arquivamento na estante Classificação AGRIS
Ocultar no OPAC Não
Tipo de material Koha Analítica
Exemplares
Situação do descarte Fonte da classificação ou esquema de arquivamento na estante Situação física Não pode ser emprestado Biblioteca de origem Biblioteca atual Localização na estante Enumeração do periódico / cronologia Total de empréstimos Data de último acesso Número do exemplar Tipo de material Koha Fonte de aquisição
  Classificação AGRIS   Consulta local Biblioteca Nacional de Agricultura - Binagri Biblioteca Nacional de Agricultura - Binagri   (Jan-Mar 2015), v. 25(1) p. 221-229   29/11/2023 01 Periódicos Portaria Interministerial nº 164/94

BINAGRI

Telefone: (61)3218-2567/2388/3357/2097 - binagri@agro.gov.br

Ministério da Agricultura e Pecuária , Esplanada dos Ministérios, Bloco D, Anexo B, Brasília/DF, CEP: 70.043-900